| 000 -CABECERA |
| Longitud fija campo de control |
00953nam a22002177a 4500 |
| 003 - IDENTIFICADOR DEL NÚMERO DE CONTROL |
| Identificador del número de control |
OSt |
| 005 - FECHA Y HORA DE LA ÚLTIMA TRANSACCIÓN |
| Fecha y hora de la última transacción |
20151026133603.0 |
| 008 - CÓDIGOS DE INFORMACIÓN DE LONGITUD FIJA |
| Códigos de información de longitud fija |
130718s2012 sp ||||| |||| 00| 0 spa d |
| 040 ## - FUENTE DE LA CATALOGACIÓN |
| Centro transcriptor |
CDMR |
| 100 1# - PUNTO DE ACCESO PRINCIPAL-NOMBRE DE PERSONA |
| 9 (RLIN) |
3991 |
| Nombre de persona |
Ballano Macías, Sonia |
| 245 12 - MENCIÓN DE TÍTULO |
| Título |
¿ Una pantalla que educa ? |
| Resto del título |
La pedagogía de los medios de comunicación en la ESO |
| Mención de responsabilidad, etc. |
Sonia Ballano Macías ; Ferran Sáez Mateu (director) |
| Medio |
[recurs electrònic] |
| 260 ## - PUBLICACIÓN, DISTRIBUCIÓN, ETC. (PIE DE IMPRENTA) |
| Lugar de publicación, distribución, etc. |
Barcelona |
| Fecha de publicación, distribución, etc. |
2012 |
| 300 ## - DESCRIPCIÓN FÍSICA |
| Extensión |
611 p. |
| 502 ## - NOTA DE TESIS |
| Nota de tesis |
Tesi defensada el 13 de juliol de 2012, |
| Nombre de la institución que otorga el tí,tulo |
Universitat Ramon Llull. FCCB - Comunicació |
| 650 04 - PUNTO DE ACCESO ADICIONAL DE MATERIA - TÉRMINO DE MATERIA |
| 9 (RLIN) |
3081 |
| Término de materia o nombre geográfico como elemento inicial |
Mitjans de comunicació de massa i educació |
| 650 04 - PUNTO DE ACCESO ADICIONAL DE MATERIA - TÉRMINO DE MATERIA |
| 9 (RLIN) |
2994 |
| Término de materia o nombre geográfico como elemento inicial |
Tesis i dissertacions acadèmiques |
| 700 1# - PUNTO DE ACCESO ADICIONAL - NOMBRE DE PERSONA |
| 9 (RLIN) |
365 |
| Nombre de persona |
Sáez Mateu, Ferran |
| 710 2# - PUNTO DE ACCESO ADICIONAL - NOMBRE DE ENTIDAD |
| 9 (RLIN) |
3392 |
| Nombre de entidad o nombre de jurisdicción como elemento inicial |
Facultat de Ciències de la Comunicació Blanquerna |
| Unidad subordinada |
-- Facultat de Ciències de la Comunicació Blanquerna |
| 856 40 - LOCALIZACIÓN Y ACCESO ELECTRÓNICO |
| Identificador Uniforme del Recurso (URI) |
<a href="http://hdl.handle.net/10803/83863">http://hdl.handle.net/10803/83863</a> |
| Texto del enlace |
Disponible en línia (TDX) |
| 942 ## - ENTRADA DE ELEMENTOS AGREGADOS (KOHA) |
| Fuente de clasificaión o esquema |
|
| Koha [por defecto] tipo de item |
Tesines en línia |